000 00963cab a22002535a 4500
001 L152786
008 110427e20110423xxk 000 0 eng d
035 _a(Sirsi) u152786
041 0 _aeng
100 1 _aMcGoldrick, Jessica
245 0 0 _aRestoration dramas
260 _c2011
490 _aEstates Gazette
_v(1116) 23 April 2011, 74-76(3)
520 _aThis Mainly for Students focuses on reinstatement clauses in leases requiring tenants to reinstate premises prior to end of leases.
520 _aThe issue that this article is in is missing
590 _aKA
650 2 4 _aWESTMINSTER LBC V HSBC BANK PLC
650 2 4 _aCODE FOR LEASING BUSINESS PREMISES IN ENGLAND AND WALES 2007
650 2 4 _aSCOTTISH MUTUAL ASSURANCE SOCIETY LTD V BRITISH COMMUNICATIONS PLC
650 2 4 _aLANDLORD AND TENANT ACT 1927 S19
651 4 _aEngland and Wales
_y1543-
690 _aPROPERTY-LEASEHOLD PROPERTY-LANDLORD AND TENANT-DILAPIDATIONS
942 _n0
_2ddc
999 _c83092
_d83092